Las niñas, el VIH/SIDA y la educación. (Registro nro. 38022)
[ vista simple ]
| 000 -CABECERA | |
|---|---|
| campo de control de longitud fija | 00602nam a2200157 a 4500 |
| 001 - NÚMERO DE CONTROL | |
| campo de control | 000038532 |
| 005 - FECHA Y HORA DE LA ÚLTIMA TRANSACCIÓN | |
| campo de control | 20210420113210.0 |
| 008 - DATOS DE LONGITUD FIJA--INFORMACIÓN GENERAL | |
| campo de control de longitud fija | 130412s2004 xxuad 000 0 spa d |
| 020 ## - NÚMERO INTERNACIONAL ESTÁNDAR DEL LIBRO | |
| Número Internacional Estándar del Libro | 9280638165 |
| 040 ## - FUENTE DE LA CATALOGACIÓN | |
| Centro catalogador/agencia de origen | DO-SdBNP |
| Lengua de catalogación | spa |
| Centro/agencia transcriptor | BNPHU |
| 110 ## - ENTRADA PRINCIPAL--NOMBRE DE ENTIDAD CORPORATIVA | |
| Nombre de entidad corporativa o nombre de jurisdicción como elemento de entrada | Fondo de las Naciones Unidas para la Infancia |
| 9 (RLIN) | 9270 |
| 245 14 - MENCIÓN DE TÍTULO | |
| Título | Las niñas, el VIH/SIDA y la educación. |
| 260 ## - PUBLICACIÓN, DISTRIBUCIÓN, ETC. | |
| Lugar de publicación, distribución, etc. | New York : |
| Nombre del editor, distribuidor, etc. | UNICEF, |
| Fecha de publicación, distribución, etc. | 2004. |
| 300 ## - DESCRIPCIÓN FÍSICA | |
| Extensión | 32 p. : |
| Otras características físicas | il., gráf., mapas ; |
| Dimensiones | 30 cm. |
| 505 0# - NOTA DE CONTENIDO CON FORMATO | |
| Título | El rostro cambiante del VIH/SIDA -- |
| -- | Niñas y mujeres amenazadas -- |
| -- | El poder de la educación de las niñas -- |
| -- | Una llamada a la acción -- |
| Estado de retiro | Estado de pérdida | Restricciones de uso | No para préstamo | Código de colección | Localización permanente | Ubicación/localización actual | Ubicación en estantería | Fecha de adquisición | Número de inventario | Total de préstamos | Signatura topográfica completa | Código de barras | Fecha visto por última vez | Precio válido a partir de | Tipo de ítem Koha |
|---|---|---|---|---|---|---|---|---|---|---|---|---|---|---|---|
| Monografías: Libros y Folletos | Patrimonio Dominicano | Patrimonio Dominicano | Orden iniciada | 12.04.2013 | LF1 | 38532-10 | 25.06.2020 | 25.06.2020 | No se presta |
